[Event "DEM U12 2019"]
[Site "Willingen GER"]
[Date "2019.06.11"]
[Round "4"]
[White "von Mettenheim, Johannes"]
[Black "Schreidl, Michael"]
[Result "1-0"]
[Termination "normal"]
[Board "10"]
[WhiteElo "1757"]
[BlackElo "1586"]
[WhiteClock "00:50:02"]
[BlackClock "00:44:26"]
[PlyCount "113"]
[WhiteFideId "16244818"]
[BlackFideId "16265750"]
[EventCountry "GER"]
[EventRounds "9"]
[EventType "swiss"]
[EventDate "2019.06.08"]

1. d4 {[%clk 1:30:59]} 1... d5 {[%clk 1:30:54]} 2. c4 {[%clk 1:31:28]} 2... e6
{[%clk 1:31:19]} 3. Nc3 {[%clk 1:31:55]} 3... Nf6 {[%clk 1:31:45]} 4. Bg5 {
[%clk 1:32:21]} 4... Be7 {[%clk 1:32:11]} 5. e3 {[%clk 1:32:49]} 5... h6 {
[%clk 1:32:36]} 6. Bh4 {[%clk 1:33:17]} 6... O-O {[%clk 1:32:58]} 7. Nf3 {
[%clk 1:33:43]} 7... Ne4 {[%clk 1:33:24]} 8. Bxe7 {[%clk 1:34:00]} 8... Qxe7 {
[%clk 1:33:50]} 9. Qc2 {[%clk 1:33:12]} 9... Nxc3 {[%clk 1:34:00]} 10. Qxc3 {
[%clk 1:33:39]} 10... c6 {[%clk 1:33:52]} 11. Bd3 {[%clk 1:33:42]} 11... Nd7 {
[%clk 1:32:33]} 12. O-O {[%clk 1:34:01]} 12... dxc4 {[%clk 1:29:26]} 13. Bxc4 {
[%clk 1:34:12]} 13... b6 {[%clk 1:27:35]} 14. b4 {[%clk 1:25:02]} 14... Bb7 {
[%clk 1:26:46]} 15. Be2 {[%clk 1:20:09]} 15... c5 {[%clk 1:19:37]} 16. dxc5 {
[%clk 1:19:16]} 16... bxc5 {[%clk 1:19:54]} 17. b5 {[%clk 1:19:27]} 17... Rac8
{[%clk 1:18:29]} 18. Qa3 {[%clk 1:17:23]} 18... Rc7 {[%clk 1:15:51]} 19. Rfd1 {
[%clk 1:05:13]} 19... Bd5 {[%clk 1:14:38]} 20. Nd2 {[%clk 1:02:59]} 20... Qg5 {
[%clk 1:01:56]} 21. e4 {[%clk 1:02:59]} 21... Ba8 {[%clk 1:01:24]} 22. Qg3 {
[%clk 0:56:54]} 22... Qxg3 {[%clk 1:01:17]} 23. hxg3 {[%clk 0:56:35]} 23... Nf6
{[%clk 1:01:01]} 24. f3 {[%clk 0:56:50]} 24... Rfc8 {[%clk 0:59:54]} 25. Nc4 {
[%clk 0:56:48]} 25... Nd7 {[%clk 0:58:07]} 26. Rd6 {[%clk 0:55:42]} 26... Nf6 {
[%clk 0:52:09]} 27. Rad1 {[%clk 0:54:26]} 27... Ne8 {[%clk 0:52:01]} 28. Rd7 {
[%clk 0:53:33]} 28... Kf8 {[%clk 0:51:36]} 29. Ne5 {[%clk 0:50:00]} 29... Rxd7
{[%clk 0:51:14]} 30. Rxd7 {[%clk 0:50:14]} 30... Rc7 {[%clk 0:51:23]} 31. a4 {
[%clk 0:49:14]} 31... f6 {[%clk 0:44:53]} 32. Ng6+ {[%clk 0:48:42]} 32... Kg8 {
[%clk 0:44:41]} 33. Rd8 {[%clk 0:49:10]} 33... Kf7 {[%clk 0:44:17]} 34. Rxa8 {
[%clk 0:49:31]} 34... c4 {[%clk 0:44:29]} 35. Nf4 {[%clk 0:45:30]} 35... c3 {
[%clk 0:44:29]} 36. Nd3 {[%clk 0:45:49]} 36... c2 {[%clk 0:44:54]} 37. Kf2 {
[%clk 0:45:53]} 37... Rd7 {[%clk 0:45:14]} 38. Rc8 {[%clk 0:45:31]} 38... Nc7 {
[%clk 0:42:27]} 39. Nc1 {[%clk 0:45:47]} 39... Kg6 {[%clk 0:42:30]} 40. Bd3 {
[%clk 0:45:55]} 40... e5 {[%clk 0:42:20]} 41. Ke3 {[%clk 0:46:06]} 41... Ne6 {
[%clk 0:42:29]} 42. Rxc2 {[%clk 0:46:22]} 42... Nd4 {[%clk 0:42:50]} 43. Rc3 {
[%clk 0:46:31]} 43... Kf7 {[%clk 0:42:54]} 44. Nb3 {[%clk 0:46:39]} 44... g5 {
[%clk 0:42:49]} 45. Bc4+ {[%clk 0:46:52]} 45... Ke7 {[%clk 0:43:08]} 46. Bd5 {
[%clk 0:46:36]} 46... Nxb3 {[%clk 0:43:19]} 47. Rxb3 {[%clk 0:47:01]} 47... Rc7
{[%clk 0:43:39]} 48. a5 {[%clk 0:47:18]} 48... Kd6 {[%clk 0:43:43]} 49. b6 {
[%clk 0:47:09]} 49... axb6 {[%clk 0:44:05]} 50. a6 {[%clk 0:47:38]} 50... b5 {
[%clk 0:44:07]} 51. Bb7 {[%clk 0:48:04]} 51... Rc1 {[%clk 0:43:41]} 52. a7 {
[%clk 0:48:18]} 52... Re1+ {[%clk 0:44:05]} 53. Kd3 {[%clk 0:48:30]} 53... Rd1+
{[%clk 0:44:29]} 54. Kc3 {[%clk 0:48:48]} 54... Ra1 {[%clk 0:44:51]} 55. a8=Q {
[%clk 0:49:10]} 55... Rxa8 {[%clk 0:44:05]} 56. Bxa8 {[%clk 0:49:37]} 56... Kc5
{[%clk 0:44:26]} 57. Rb4 {[%clk 0:50:02]} 1-0

[Event "DEM U12 2019"]
[Site "Willingen GER"]
[Date "2019.06.11"]
[Round "4"]
[White "Zweigait, Leon"]
[Black "Hoffmann, Kay"]
[Result "1-0"]
[Termination "normal"]
[Board "11"]
[WhiteElo "1474"]
[BlackElo "1433"]
[WhiteClock "01:38:35"]
[BlackClock "00:19:34"]
[PlyCount "113"]
[WhiteFideId "16201388"]
[BlackFideId "16227000"]
[EventCountry "GER"]
[EventRounds "9"]
[EventType "swiss"]
[EventDate "2019.06.08"]

1. Nf3 {[%clk 1:30:56]} 1... g6 {[%clk 1:30:02]} 2. c4 {[%clk 1:31:10]} 2...
Bg7 {[%clk 1:30:12]} 3. Nc3 {[%clk 1:31:21]} 3... e5 {[%clk 1:27:21]} 4. e3 {
[%clk 1:31:23]} 4... Nc6 {[%clk 1:26:21]} 5. d4 {[%clk 1:31:22]} 5... exd4 {
[%clk 1:25:00]} 6. exd4 {[%clk 1:31:50]} 6... d6 {[%clk 1:23:47]} 7. Be3 {
[%clk 1:31:27]} 7... Nge7 {[%clk 1:22:52]} 8. Bd3 {[%clk 1:31:38]} 8... O-O {
[%clk 1:22:16]} 9. O-O {[%clk 1:31:51]} 9... Bf5 {[%clk 1:21:13]} 10. a3 {
[%clk 1:32:03]} 10... Bxd3 {[%clk 1:15:22]} 11. Qxd3 {[%clk 1:32:31]} 11... d5
{[%clk 1:13:57]} 12. c5 {[%clk 1:31:46]} 12... Nf5 {[%clk 1:12:14]} 13. b4 {
[%clk 1:31:41]} 13... Qd7 {[%clk 1:09:09]} 14. Rfb1 {[%clk 1:28:22]} 14... Nd8
{[%clk 1:02:36]} 15. b5 {[%clk 1:27:43]} 15... Ne6 {[%clk 0:58:47]} 16. a4 {
[%clk 1:27:19]} 16... Rfb8 {[%clk 0:49:03]} 17. Ra2 {[%clk 1:25:30]} 17... Qd8
{[%clk 0:46:27]} 18. Rab2 {[%clk 1:24:15]} 18... Nxc5 {[%clk 0:18:58]} 19. dxc5
{[%clk 1:24:31]} 19... d4 {[%clk 0:19:22]} 20. Bxd4 {[%clk 1:22:13]} 20... Nxd4
{[%clk 0:18:47]} 21. Rb4 {[%clk 1:20:21]} 21... Ne6 {[%clk 0:16:52]} 22. Qe3 {
[%clk 1:18:59]} 22... Bxc3 {[%clk 0:13:25]} 23. Qxc3 {[%clk 1:19:19]} 23... Qe7
{[%clk 0:13:42]} 24. Rc4 {[%clk 1:19:05]} 24... Rd8 {[%clk 0:13:45]} 25. Re1 {
[%clk 1:19:11]} 25... Qd7 {[%clk 0:11:59]} 26. Qf6 {[%clk 1:18:31]} 26... Rf8 {
[%clk 0:09:54]} 27. Ne5 {[%clk 1:15:51]} 27... Qd2 {[%clk 0:09:48]} 28. Kf1 {
[%clk 1:14:52]} 28... Qg5 {[%clk 0:09:54]} 29. Qxg5 {[%clk 1:13:44]} 29... Nxg5
{[%clk 0:10:19]} 30. c6 {[%clk 1:13:50]} 30... b6 {[%clk 0:10:45]} 31. Nd7 {
[%clk 1:13:39]} 31... Rfe8 {[%clk 0:11:07]} 32. Rxe8+ {[%clk 1:14:00]} 32...
Rxe8 {[%clk 0:11:32]} 33. Nf6+ {[%clk 1:14:24]} 33... Kf8 {[%clk 0:11:52]} 34.
Nxe8 {[%clk 1:14:53]} 34... Kxe8 {[%clk 0:12:15]} 35. Ke2 {[%clk 1:14:59]}
35... Ke7 {[%clk 0:12:37]} 36. Ke3 {[%clk 1:15:23]} 36... Ne6 {[%clk 0:12:43]}
37. Ke4 {[%clk 1:14:31]} 37... Kd6 {[%clk 0:12:57]} 38. f4 {[%clk 1:14:43]}
38... f5+ {[%clk 0:13:06]} 39. Kd3 {[%clk 1:14:21]} 39... Kd5 {[%clk 0:13:03]}
40. Kc3 {[%clk 1:13:56]} 40... Kd6 {[%clk 0:11:11]} 41. Kd3 {[%clk 1:12:33]}
41... Kd5 {[%clk 0:10:56]} 42. g3 {[%clk 1:10:57]} 42... Nc5+ {[%clk 0:09:44]}
43. Kc3 {[%clk 1:11:14]} 43... Ne4+ {[%clk 0:09:01]} 44. Kb4 {[%clk 1:11:34]}
44... Nd6 {[%clk 0:08:12]} 45. Rc1 {[%clk 1:11:51]} 45... Ke6 {[%clk 0:06:57]}
46. Re1+ {[%clk 1:11:36]} 46... Ne4 {[%clk 0:07:17]} 47. Kc4 {[%clk 1:11:33]}
47... Kf6 {[%clk 0:05:51]} 48. Rxe4 {[%clk 1:10:53]} 48... fxe4 {[%clk 0:06:14]
} 49. g4 {[%clk 1:11:14]} 49... g5 {[%clk 0:04:42]} 50. f5 {[%clk 1:11:02]}
50... Ke5 {[%clk 0:05:01]} 51. Kb3 {[%clk 1:09:05]} 51... Kd5 {[%clk 0:04:03]}
52. Kc3 {[%clk 1:09:06]} 52... Ke5 {[%clk 0:03:57]} 53. Kc4 {[%clk 1:09:20]}
53... h5 {[%clk 0:02:25]} 54. h3 {[%clk 1:09:13]} 54... h4 {[%clk 0:02:50]} 55.
Kb3 {[%clk 1:08:37]} 55... Kd4 {[%clk 0:19:08]} 56. f6 {[%clk 1:38:15]} 56...
e3 {[%clk 0:19:34]} 57. Kc2 {[%clk 1:38:35]} 1-0

[Event "DEM U12 2019"]
[Site "Willingen GER"]
[Date "2019.06.11"]
[Round "4"]
[White "Deuer, Marius"]
[Black "Kageler, Anton Paul"]
[Result "1-0"]
[Termination "normal"]
[Board "12"]
[WhiteElo "1961"]
[BlackElo "1563"]
[WhiteClock "00:38:18"]
[BlackClock "00:13:29"]
[PlyCount "83"]
[WhiteFideId "16236432"]
[BlackFideId "16244850"]
[EventCountry "GER"]
[EventRounds "9"]
[EventType "swiss"]
[EventDate "2019.06.08"]

1. e4 {[%clk 1:30:58]} 1... c5 {[%clk 1:30:50]} 2. Nf3 {[%clk 1:31:22]} 2... d6
{[%clk 1:31:14]} 3. d4 {[%clk 1:31:45]} 3... cxd4 {[%clk 1:31:34]} 4. Nxd4 {
[%clk 1:32:12]} 4... Nf6 {[%clk 1:31:49]} 5. Nc3 {[%clk 1:32:36]} 5... g6 {
[%clk 1:31:56]} 6. f3 {[%clk 1:32:52]} 6... Bg7 {[%clk 1:32:04]} 7. Be3 { [%clk
1:33:15]} 7... O-O {[%clk 1:32:10]} 8. Qd2 {[%clk 1:33:37]} 8... Nc6 { [%clk
1:31:37]} 9. O-O-O {[%clk 1:33:50]} 9... d5 {[%clk 1:30:53]} 10. Qe1 { [%clk
1:34:11]} 10... e5 {[%clk 1:30:44]} 11. Nxc6 {[%clk 1:34:22]} 11... bxc6 {[%clk
1:30:52]} 12. exd5 {[%clk 1:34:39]} 12... Nxd5 {[%clk 1:30:49]} 13. Bc4 {[%clk
1:34:40]} 13... Be6 {[%clk 1:30:30]} 14. Ne4 {[%clk 1:34:50]} 14... Qc7 {[%clk
1:26:55]} 15. Bc5 {[%clk 1:34:46]} 15... Rfd8 {[%clk 1:25:39]} 16. Qh4 { [%clk
1:33:43]} 16... Bf5 {[%clk 1:10:25]} 17. Rhe1 {[%clk 1:21:06]} 17... Rab8
{[%clk 1:07:53]} 18. g4 {[%clk 1:14:41]} 18... Bxe4 {[%clk 1:04:48]} 19. fxe4 {
[%clk 1:10:47]} 19... Nf4 {[%clk 1:03:27]} 20. Qe7 {[%clk 1:06:19]} 20... Qxe7
{[%clk 0:55:00]} 21. Bxe7 {[%clk 1:05:37]} 21... Rd4 {[%clk 0:36:58]} 22. Rxd4
{[%clk 1:05:06]} 22... exd4 {[%clk 0:35:59]} 23. Bd6 {[%clk 1:03:49]} 23... Ng2
{[%clk 0:32:22]} 24. Bxf7+ {[%clk 1:02:05]} 24... Kxf7 {[%clk 0:24:49]} 25.
Rf1+ {[%clk 1:01:48]} 25... Ke6 {[%clk 0:24:25]} 26. Bxb8 {[%clk 1:01:11]}
26... Bh6+ {[%clk 0:24:13]} 27. Kb1 {[%clk 1:00:56]} 27... Ne3 {[%clk 0:24:12]}
28. Rg1 {[%clk 0:58:17]} 28... Bg5 {[%clk 0:21:15]} 29. Bxa7 {[%clk 0:56:55]}
29... Ke5 {[%clk 0:21:29]} 30. h4 {[%clk 0:55:53]} 30... Bxh4 {[%clk 0:18:31]}
31. c3 {[%clk 0:54:17]} 31... Kxe4 {[%clk 0:16:43]} 32. Bxd4 {[%clk 0:53:11]}
32... Nd5 {[%clk 0:15:55]} 33. Rh1 {[%clk 0:51:13]} 33... g5 {[%clk 0:15:09]}
34. Rf1 {[%clk 0:50:45]} 34... Nf4 {[%clk 0:14:12]} 35. a4 {[%clk 0:42:43]}
35... Kd5 {[%clk 0:13:23]} 36. a5 {[%clk 0:40:13]} 36... Kd6 {[%clk 0:13:09]}
37. Bb6 {[%clk 0:38:52]} 37... c5 {[%clk 0:12:20]} 38. a6 {[%clk 0:38:29]}
38... Kc6 {[%clk 0:12:43]} 39. a7 {[%clk 0:38:42]} 39... Kb7 {[%clk 0:13:09]}
40. Rd1 {[%clk 0:37:38]} 40... Ne6 {[%clk 0:13:08]} 41. Rd7+ {[%clk 0:37:57]}
41... Ka8 {[%clk 0:13:29]} 42. Rd6 {[%clk 0:38:18]} 1-0

[Event "DEM U12 2019"]
[Site "Willingen GER"]
[Date "2019.06.11"]
[Round "4"]
[White "Krüger, Arthur"]
[Black "Hecht, Jonas Christian"]
[Result "1/2-1/2"]
[Termination "normal"]
[Board "13"]
[WhiteElo "1613"]
[BlackElo "1726"]
[WhiteClock "00:21:20"]
[BlackClock "00:55:52"]
[PlyCount "95"]
[WhiteFideId "16244966"]
[BlackFideId "16214846"]
[EventCountry "GER"]
[EventRounds "9"]
[EventType "swiss"]
[EventDate "2019.06.08"]

1. e4 {[%clk 1:30:51]} 1... d6 {[%clk 1:30:55]} 2. d4 {[%clk 1:30:22]} 2... Nf6
{[%clk 1:31:14]} 3. Nc3 {[%clk 1:30:24]} 3... e5 {[%clk 1:31:38]} 4. dxe5 {
[%clk 1:30:12]} 4... dxe5 {[%clk 1:32:02]} 5. Qxd8+ {[%clk 1:30:03]} 5... Kxd8
{[%clk 1:32:28]} 6. Nf3 {[%clk 1:29:12]} 6... Bd6 {[%clk 1:30:54]} 7. Bc4 {
[%clk 1:27:58]} 7... Ke7 {[%clk 1:22:38]} 8. Bg5 {[%clk 1:25:09]} 8... c6 {
[%clk 1:21:55]} 9. O-O-O {[%clk 1:24:13]} 9... Nbd7 {[%clk 1:20:08]} 10. Bxf7 {
[%clk 1:20:44]} 10... Bb4 {[%clk 1:18:33]} 11. Bc4 {[%clk 1:17:18]} 11... Bxc3
12. bxc3 {[%clk 1:17:32]} 12... h6 {[%clk 1:18:05]} 13. Bxf6+ {[%clk 1:15:50]}
13... gxf6 {[%clk 1:16:02]} 14. Nh4 {[%clk 1:14:06]} 14... Nf8 {[%clk 1:13:28]}
15. Rd2 {[%clk 1:05:22]} 15... b5 {[%clk 1:07:30]} 16. Bb3 {[%clk 1:04:24]}
16... a5 {[%clk 1:04:31]} 17. a3 {[%clk 0:58:38]} 17... Rh7 {[%clk 0:57:40]}
18. Rhd1 {[%clk 0:54:50]} 18... Ra7 {[%clk 0:55:52]} 19. c4 {[%clk 0:45:40]}
19... a4 {[%clk 0:50:56]} 20. Ba2 {[%clk 0:44:33]} 20... Be6 {[%clk 0:49:38]}
21. Kb2 {[%clk 0:37:01]} 21... bxc4 {[%clk 0:48:09]} 22. Nf5+ {[%clk 0:36:16]}
22... Bxf5 {[%clk 0:46:45]} 23. exf5 {[%clk 0:36:08]} 23... Rg7 {[%clk 0:45:57]
} 24. f3 {[%clk 0:31:01]} 24... Rb7+ {[%clk 0:42:59]} 25. Kc3 {[%clk 0:29:57]}
25... Nd7 {[%clk 0:42:07]} 26. h4 {[%clk 0:28:37]} 26... Nb6 {[%clk 0:38:08]}
27. Bxc4 {[%clk 0:28:47]} 27... Nxc4 {[%clk 0:37:12]} 28. Kxc4 {[%clk 0:29:11]}
28... Rg8 {[%clk 0:37:29]} 29. Kc5 {[%clk 0:24:51]} 29... Rc8 {[%clk 0:37:41]}
30. c4 {[%clk 0:22:07]} 30... Rb3 {[%clk 0:29:40]} 31. Rd7+ {[%clk 0:19:28]}
31... Ke8 {[%clk 0:27:23]} 32. Rh7 {[%clk 0:17:25]} 32... Rcb8 {[%clk 0:27:24]}
33. Rh8+ {[%clk 0:16:54]} 33... Ke7 {[%clk 0:27:48]} 34. Rxb8 {[%clk 0:15:56]}
34... Rxb8 {[%clk 0:28:12]} 35. Kxc6 {[%clk 0:15:34]} 35... Rb2 {[%clk 0:27:56]
} 36. Rd7+ {[%clk 0:09:45]} 36... Ke8 {[%clk 0:28:03]} 37. Ra7 {[%clk 0:09:45]}
37... Rxg2 {[%clk 0:27:43]} 38. Rxa4 {[%clk 0:09:56]} 38... Rf2 {[%clk 0:28:00]
} 39. c5 {[%clk 0:09:27]} 39... Rxf3 {[%clk 0:27:46]} 40. Kb7 {[%clk 0:08:51]}
40... Rb3+ {[%clk 0:27:28]} 41. Rb4 {[%clk 0:08:30]} 41... Rxa3 {[%clk 0:27:52]
} 42. c6 {[%clk 0:08:34]} 42... Rc3 {[%clk 0:28:18]} 43. Rb1 {[%clk 0:02:21]}
43... Kd8 {[%clk 0:27:56]} 44. Rb4 {[%clk 0:26:16]} 44... Ke7 {[%clk 0:57:55]}
45. Rb1 {[%clk 0:24:43]} 45... Kd8 {[%clk 0:57:44]} 46. Rb4 {[%clk 0:20:46]}
46... Ke7 {[%clk 0:57:05]} 47. Rb5 {[%clk 0:21:55]} 47... Kd6 {[%clk 0:55:52]}
48. Rb1 {[%clk 0:21:20]} 1/2-1/2

[Event "DEM U12 2019"]
[Site "Willingen GER"]
[Date "2019.06.11"]
[Round "4"]
[White "Kempe, Caius Emilian"]
[Black "Hagenbeck-Hübert, Jan"]
[Result "1-0"]
[Termination "normal"]
[Board "14"]
[WhiteElo "1766"]
[BlackElo "1574"]
[WhiteClock "00:42:56"]
[BlackClock "00:15:01"]
[PlyCount "171"]
[WhiteFideId "16246861"]
[BlackFideId "16259505"]
[EventCountry "GER"]
[EventRounds "9"]
[EventType "swiss"]
[EventDate "2019.06.08"]

1. d4 {[%clk 1:30:51]} 1... d5 {[%clk 1:31:21]} 2. c4 {[%clk 1:31:08]} 2... e6
{[%clk 1:31:41]} 3. Nc3 {[%clk 1:31:31]} 3... Nf6 {[%clk 1:31:54]} 4. cxd5 {
[%clk 1:31:56]} 4... exd5 {[%clk 1:32:09]} 5. Bg5 {[%clk 1:32:19]} 5... Nbd7 {
[%clk 1:31:19]} 6. e3 {[%clk 1:30:28]} 6... c6 {[%clk 1:30:33]} 7. Bd3 { [%clk
1:30:35]} 7... Bd6 {[%clk 1:29:58]} 8. Qc2 {[%clk 1:30:36]} 8... h6 { [%clk
1:29:17]} 9. Bh4 {[%clk 1:30:53]} 9... Be7 {[%clk 1:25:19]} 10. Nf3 { [%clk
1:26:28]} 10... Nb6 {[%clk 1:23:22]} 11. O-O {[%clk 1:25:41]} 11... O-O { [%clk
1:19:36]} 12. Rab1 {[%clk 1:25:42]} 12... Be6 {[%clk 1:14:46]} 13. Ne2 { [%clk
1:19:14]} 13... Bg4 {[%clk 1:12:22]} 14. Ne5 {[%clk 1:19:15]} 14... Be6 { [%clk
1:10:12]} 15. Nf4 {[%clk 1:18:53]} 15... Nbd7 {[%clk 1:05:00]} 16. Nxe6 { [%clk
1:16:10]} 16... fxe6 {[%clk 1:05:11]} 17. Ng6 {[%clk 1:16:31]} 17... Rf7 {[%clk
1:04:18]} 18. Nxe7+ {[%clk 1:16:35]} 18... Qxe7 {[%clk 1:03:51]} 19. b4 {[%clk
1:11:09]} 19... Rc8 {[%clk 1:02:27]} 20. Rfc1 {[%clk 1:09:04]} 20... g5 {[%clk
0:58:40]} 21. Bg3 {[%clk 1:09:05]} 21... Rff8 {[%clk 0:54:47]} 22. h3 { [%clk
1:06:59]} 22... Nh5 {[%clk 0:53:12]} 23. Bh2 {[%clk 1:07:18]} 23... Rf6 { [%clk
0:52:22]} 24. Be2 {[%clk 1:05:51]} 24... Qf7 {[%clk 0:50:05]} 25. Bd1 { [%clk
1:03:04]} 25... Qe8 {[%clk 0:44:57]} 26. Bg4 {[%clk 1:01:16]} 26... Ng7 { [%clk
0:44:02]} 27. Qb2 {[%clk 0:59:23]} 27... Nb6 {[%clk 0:40:58]} 28. Be2 { [%clk
0:59:06]} 28... Qf8 {[%clk 0:36:42]} 29. Bf1 {[%clk 0:58:41]} 29... Rf5 { [%clk
0:34:02]} 30. Bd3 {[%clk 0:58:26]} 30... Rf7 {[%clk 0:33:54]} 31. Qe2 { [%clk
0:57:23]} 31... Qe7 {[%clk 0:32:44]} 32. Rc2 {[%clk 0:53:42]} 32... Rcf8 {[%clk
0:31:45]} 33. Qe1 {[%clk 0:53:59]} 33... Nf5 {[%clk 0:31:23]} 34. b5 { [%clk
0:52:42]} 34... cxb5 {[%clk 0:26:53]} 35. Bxb5 {[%clk 0:49:25]} 35... Nd6
{[%clk 0:26:19]} 36. Bd3 {[%clk 0:49:34]} 36... Nbc4 {[%clk 0:25:01]} 37. Qb4 {
[%clk 0:45:01]} 37... Rd8 {[%clk 0:18:04]} 38. Rbc1 {[%clk 0:38:18]} 38... Rd7
{[%clk 0:14:35]} 39. Bg3 {[%clk 0:33:23]} 39... Qd8 {[%clk 0:11:52]} 40. a4 {
[%clk 0:26:34]} 40... Qb6 {[%clk 0:10:49]} 41. Bxd6 {[%clk 0:22:27]} 41... Qxd6
{[%clk 0:09:22]} 42. Qe1 {[%clk 0:20:17]} 42... Nb6 {[%clk 0:07:39]} 43. a5 {
[%clk 0:20:31]} 43... Na8 {[%clk 0:07:41]} 44. Rc8+ {[%clk 0:18:02]} 44... Rd8
{[%clk 0:07:39]} 45. a6 {[%clk 0:15:05]} 45... Nb6 {[%clk 0:02:53]} 46. axb7 {
[%clk 0:15:02]} 46... Rxb7 {[%clk 0:02:47]} 47. R8c6 {[%clk 0:12:21]} 47... Qe7
{[%clk 0:02:00]} 48. Ba6 {[%clk 0:10:43]} 48... Rbd7 {[%clk 0:01:53]} 49. Qd2 {
[%clk 0:09:45]} 49... Rd6 {[%clk 0:01:49]} 50. R6c2 {[%clk 0:09:22]} 50... Qe8
{[%clk 0:00:39]} 51. Qb4 {[%clk 0:08:58]} 51... Qa4 {[%clk 0:30:05]} 52. Qxa4 {
[%clk 0:37:49]} 52... Nxa4 {[%clk 0:30:33]} 53. Bb5 {[%clk 0:37:57]} 53... Nb6
{[%clk 0:30:04]} 54. Ra1 {[%clk 0:38:09]} 54... Nc8 {[%clk 0:28:08]} 55. Rc7 {
[%clk 0:36:08]} 55... Rf8 {[%clk 0:24:25]} 56. Bd7 {[%clk 0:34:15]} 56... Nb6 {
[%clk 0:23:30]} 57. Raxa7 {[%clk 0:34:35]} 57... Nxd7 {[%clk 0:23:09]} 58. Rxd7
{[%clk 0:34:55]} 58... Rxd7 {[%clk 0:23:17]} 59. Rxd7 {[%clk 0:35:20]} 59...
Rf7 {[%clk 0:23:37]} 60. Rxf7 {[%clk 0:35:25]} 60... Kxf7 {[%clk 0:24:02]} 61.
g4 {[%clk 0:35:20]} 61... Kf6 {[%clk 0:22:51]} 62. f4 {[%clk 0:35:28]} 62... h5
{[%clk 0:21:20]} 63. Kf2 {[%clk 0:35:49]} 63... hxg4 {[%clk 0:19:39]} 64. hxg4
{[%clk 0:36:13]} 64... gxf4 {[%clk 0:18:11]} 65. exf4 {[%clk 0:36:36]} 65...
Kg6 {[%clk 0:17:52]} 66. Ke3 {[%clk 0:36:59]} 66... Kf6 {[%clk 0:18:04]} 67.
Kd3 {[%clk 0:37:23]} 67... Kg6 {[%clk 0:16:40]} 68. Kc3 {[%clk 0:37:48]} 68...
Kf6 {[%clk 0:17:00]} 69. Kb4 {[%clk 0:38:15]} 69... Kg6 {[%clk 0:17:17]} 70.
Kc5 {[%clk 0:38:43]} 70... Kf7 {[%clk 0:16:48]} 71. Kd6 {[%clk 0:39:11]} 71...
Kf6 {[%clk 0:16:46]} 72. g5+ {[%clk 0:38:36]} 72... Kf5 {[%clk 0:16:32]} 73.
Ke7 {[%clk 0:38:59]} 73... Kxf4 {[%clk 0:16:20]} 74. g6 {[%clk 0:39:22]} 74...
Ke4 {[%clk 0:15:19]} 75. Kxe6 {[%clk 0:39:44]} 75... Kxd4 {[%clk 0:15:00]} 76.
g7 {[%clk 0:40:08]} 76... Ke4 {[%clk 0:15:19]} 77. g8=Q {[%clk 0:40:33]} 77...
d4 78. Qg4+ {[%clk 0:40:54]} 78... Ke3 {[%clk 0:14:44]} 79. Qd1 {[%clk 0:41:08]
} 79... d3 {[%clk 0:14:51]} 80. Ke5 {[%clk 0:41:31]} 80... d2 {[%clk 0:14:57]}
81. Qf1 {[%clk 0:41:45]} 81... d1=Q 82. Qxd1 82... Kf2 {[%clk 0:14:37]} 83. Kf4
{[%clk 0:42:09]} 83... Kg2 {[%clk 0:14:54]} 84. Qe2+ {[%clk 0:42:10]} 84... Kh3
{[%clk 0:14:42]} 85. Qa2 {[%clk 0:42:31]} 85... Kh4 {[%clk 0:15:01]} 86. Qh2# {
[%clk 0:42:56]} 1-0

[Event "DEM U12 2019"]
[Site "Willingen GER"]
[Date "2019.06.11"]
[Round "4"]
[White "Rempe, Jonas"]
[Black "Greßler, Christian"]
[Result "1-0"]
[Termination "normal"]
[Board "16"]
[WhiteElo "1781"]
[BlackElo "1416"]
[PlyCount "45"]
[WhiteFideId "16202406"]
[BlackFideId "16244907"]
[EventCountry "GER"]
[EventRounds "9"]
[EventType "swiss"]
[EventDate "2019.06.08"]

1. e4 e6 2. d4 d5 3. exd5 exd5 4. Nf3 Bd6 5. c4 c6 6. Nc3 Be6 7. cxd5 cxd5 8.
Bb5+ Nd7 9. O-O Ne7 10. Ng5 O-O 11. Nxe6 fxe6 12. Qe2 Rf6 13. Bg5 Rg6 14. f4 h6
15. Bd3 hxg5 16. Bxg6 Nf8 17. Bd3 Nc6 18. fxg5 Qxg5 19. Qf2 Kh8 20. Nb5 Be7 21.
Rae1 Rc8 22. Re3 e5 23. Rh3+ 1-0

[Event "DEM U12 2019"]
[Site "Willingen GER"]
[Date "2019.06.11"]
[Round "4"]
[White "Malchereck, Zion"]
[Black "Bock, Marlon"]
[Result "1-0"]
[Termination "normal"]
[Board "17"]
[WhiteElo "1438"]
[BlackElo "1596"]
[PlyCount "125"]
[WhiteFideId "16269233"]
[BlackFideId "16244931"]
[EventCountry "GER"]
[EventRounds "9"]
[EventType "swiss"]
[EventDate "2019.06.08"]

1. e4 d6 2. d4 Nf6 3. Nc3 e5 4. Nf3 Nbd7 5. Bc4 Be7 6. O-O c6 7. a4 Qc7 8. Re1
h6 9. b3 Nf8 10. Qd2 g5 11. Kf1 Ng6 12. Bb2 Rg8 13. Nd1 g4 14. Ng1 h5 15. g3 h4
16. Bd3 hxg3 17. fxg3 Nh7 18. Ne3 Bg5 19. Qf2 Ne7 20. Nc4 Ng6 21. Ba3 Be7 22.
Bb2 Rf8 23. Kg2 Ng5 24. Rad1 Nh3 25. Nxh3 gxh3+ 26. Kg1 Bg4 27. Ra1 f6 28. Ne3
Bd7 29. d5 Rg8 30. Kh1 Nh8 31. c4 c5 32. Bc3 a5 33. Be2 O-O-O 34. Nf5 Bxf5 35.
Qxf5+ Qd7 36. Qxd7+ Kxd7 37. Bxa5 Ra8 38. Bc3 Nf7 39. Bd2 Bd8 40. Rf1 Ke7 41.
Rf5 Rh8 42. Raf1 Kd7 43. Kg1 Be7 44. Bg4 Rag8 45. Rg5+ Ke8 46. Rxg8+ Rxg8 47.
Bxh3 Ng5 48. Bxg5 fxg5 49. Be6 Rf8 50. Rxf8+ Kxf8 51. Kg2 Kg7 52. Kf3 Bd8 53.
Kg4 Kg6 54. Bf5+ Kh6 55. h4 Be7 56. a5 gxh4 57. gxh4 Bd8 58. h5 Bxa5 59. Bg6
Bd8 60. Kf5 b5 61. cxb5 c4 62. bxc4 Bf6 63. Ke6 1-0

[Event "DEM U12 2019"]
[Site "Willingen GER"]
[Date "2019.06.11"]
[Round "4"]
[White "Bolz, Jannis"]
[Black "Weyerer, Noah"]
[Result "1/2-1/2"]
[Termination "normal"]
[Board "18"]
[WhiteElo "1618"]
[BlackElo "1320"]
[PlyCount "72"]
[WhiteFideId "16214897"]
[BlackFideId "16250664"]
[EventCountry "GER"]
[EventRounds "9"]
[EventType "swiss"]
[EventDate "2019.06.08"]

1. e4 d5 2. exd5 Qxd5 3. Nc3 Qd6 4. d4 Nf6 5. Nf3 c6 6. Ne5 Nbd7 7. Nc4 Qc7 8.
Qf3 Nb6 9. Bf4 Qd7 10. Nxb6 axb6 11. O-O-O e6 12. Bc4 Bb4 13. Ne4 Nd5 14. Qg4
f5 15. Qh5+ g6 16. Bxd5 fxe4 17. Qe5 Rf8 18. Bb3 Qf7 19. Bh6 Rg8 20. Qxe4 Qf5
21. Qxf5 gxf5 22. g3 b5 23. Bf4 Kf7 24. c3 Be7 25. Rhe1 Bd7 26. h4 Bf6 27. Rd2
Rg4 28. Rde2 Re8 29. Re3 Rgg8 30. Kb1 Rh8 31. a3 h5 32. Rd1 Rhg8 33. Be5 Bxe5
34. Rxe5 Ke7 35. Rde1 Kd6 36. Kc1 Rg6 1/2-1/2